| 000 | 01027cad a22002295a 4500 | ||
|---|---|---|---|
| 001 | L155318 | ||
| 008 | 120316s2012 xxk 000 0 eng d | ||
| 035 | _a(Sirsi) u155318 | ||
| 041 | 0 | _aeng | |
| 110 | 2 |
_aCushman & Wakefield _95888 |
|
| 245 | 0 | 0 |
_aMarketbeat Industrial Snapshot North America _byear-end 2011 _h[electronic resource] |
| 260 |
_aNew York _bJLL _c2012 |
||
| 490 | 0 | _aCushman & Wakefield Marketbeat Industrial Snapshot North America | |
| 520 | _aAn economic overview is followed by surveys of the industrial market in 38 cities of the US and Canadian regions, and Mexico. Detailed market statistical tables cover total inventory, vacancy rates, leasing activity, sales, construction, net absorption, and net rental and asking rates. | ||
| 590 | _aNTK KA | ||
| 651 | 4 |
_aUnited States _y1959- |
|
| 651 | 4 | _aMexico | |
| 651 | 4 | _aCanada | |
| 690 |
_aCommercial property _96227 |
||
| 856 | 4 | 0 |
_uhttps://www.cushwake.com/cwmbs4q11/PDF/ind_northamerica_4q11.pdf _zView the report at www.cushwake.com |
| 942 | _n0 | ||
| 999 |
_c83850 _d83850 |
||